Piłkarze Chojniczanki Chojnice - nagła śmierć - Statystyki

Ogólne statystyki
  • Ten quiz został rozwiązany 13 razy
  • Średni wynik to 3 z 20
Answers on the Grid
Answers color-coded by a green-red scale on the quiz's grid according to % correct below.
Mateusz Kamiński
Patryk Plewka
Łukasz Budziłek
Arkadiusz Kasperkiewicz
David Niepsuj
Szymon Matuszek
Arkadiusz Reca
Kacper Zych
Olaf Nowak
Daniel Szelągowski
Kamil Grosicki
Ariel Borysiuk
Piotr Kurbiel
Daniel Ściślak
Bartosz Ślusarski
Damian Byrtek
Kacper Smoliński
Patryk Tuszyński
Wojciech Łobodziński
Łukasz Zwoliński
Dawid Abramowicz
Jan Żuberek
Sebastian Mila
Dominik Hładun
Piotr Szymiczek
Marcel Zylla
Karol Fila
Kamil Kort
Hubert Wołąkiewicz
Robert Obst
Maciej Gostomski
Wojciech Lisowski
Mateusz Możdżeń
Konrad Jałocha
Rafał Kujawa
Radosław Janukiewicz
Michał Walski
Mateusz Żukowski
Łukasz Janoszka
Grzegorz Król
 
Statystyki odpowiedzi
Odpowiedź % Poprawnych
Daniel Szelągowski
40%
David Niepsuj
40%
Ariel Borysiuk
30%
Arkadiusz Reca
30%
Łukasz Budziłek
30%
Olaf Nowak
30%
Dawid Abramowicz
20%
Damian Byrtek
10%
Dominik Hładun
10%
Hubert Wołąkiewicz
10%
Konrad Jałocha
10%
Maciej Gostomski
10%
Marcel Zylla
10%
Mateusz Żukowski
10%
Radosław Janukiewicz
10%
Szymon Matuszek
10%
Wojciech Lisowski
10%
Daniel Ściślak
0%
Karol Fila
0%
Patryk Tuszyński
0%
Nie znaleziono quizów pasujących do podanych kryteriów
Rozkład punktacji
Procent ludzi z każdym wynikiem
Percentyl według liczby udzielonych odpowiedzi
Twoja historia wyników
Nie rozwiązałeś tego quizu